| 000 | 00000nam##2200000za#4500 |
| 001 | 9.619850 |
| 003 | CaOODSP |
| 005 | 20210615103728 |
| 007 | ta |
| 008 | 150406|2010||||xxc||||| f|0| 0 eng|d |
| 022 | |a0706-6465 |
| 040 | |aCaOODSP|beng |
| 043 | |an-cn--- |
| 086 | 1 |aFs97-13/1225E |
| 110 | 1 |aCanada. |bDepartment of Fisheries and Oceans. |
| 245 | 10|aMicro-chemical analysis of Arctic char, Salvelinus alpinus, otoliths from Ellesmere and Axel Heiberg islands, Nunavut / |cby J.A. Babaluk, R.J. Wastle, and J.D. Reist. |
| 260 | |aWinnipeg - Manitoba : |bFisheries and Oceans Canada |c2010. |
| 300 | |aviii, 120p. : |bfigs., graphs, references ; |c28 cm. |
| 490 | 1 |aCanadian data report of fisheries and aquatic sciences|x0706-6465|vNo. 1225 |
| 500 | |a"Central and Arctic Region Fisheries and Oceans Canada 501 University Crescent Winnipeg, MB R3T 2N6" |
| 546 | |a(Résumé en français) |
| 563 | |aSpiral binding |
| 590 | |a10-23|b2010-06-11 |
| 720 | 1 |aBabaluk, J. A. |
| 720 | 1 |aWastle, R. J. |
| 720 | 1 |aReist, J.D |
| 776 | 0#|tMicro-chemical analysis of Arctic char, Salvelinus alpinus, otoliths from Ellesmere and Axel Heiberg Islands, Nunavut / |w(CaOODSP)9.572841 |
| 830 | #0|aCanadian data report of fisheries and aquatic sciences,|x0706-6465|vNo. 1225|w(CaOODSP)9.514678 |